| 000 | 00772nam a2200193 i 4500 | ||
|---|---|---|---|
| 001 | 182023 | ||
| 003 | ES-MaACL | ||
| 005 | 20250714223853.0 | ||
| 008 | 130524q1856 fr a | |||||||| ||fre d | ||
| 100 | 1 |
_aDumas, Alexandre, _d1802-1870 _eaut _9241135 |
|
| 245 | 1 | 3 |
_aLe comtesse de Salisbury / _cpar Alexandre Dumas |
| 260 |
_a[Paris : _bMichel Levy, _cca. 1856] _e(Lagny : _fTyp. de A. Varigault et Cie.) |
||
| 300 |
_a142, [2] páginas : _bilustraciones ; _c30 cm. |
||
| 594 | _aTít. y autor tomados de pag.1 | ||
| 597 | _aTexto a dos col. | ||
| 852 |
_aES-MaACL _cDEPO _eEjemplar falto de portada _gFirma autógrafa de Eugenio Agüera _hDonativo de Eugenio Agüera _jR-1712(1) _xEnc. en un vol. facticio |
||
| 942 |
_2udc _cMONANT _n0 |
||
| 999 |
_c182023 _d182023 |
||